000
00270nam a2200109Ia 4500
008
200302s9999 xx 000 0 und d
100
_a
Zaha Hadid
245
_a
The complete zaha hadid expanded and updated
260
_b
Thames and hadsons
260
_c
2017
300
_a
320
999
_c
7325
_d
7325